| 000 | 01534nas a2200301 a 4500 | ||
|---|---|---|---|
| 005 | 20260211144722.0 | ||
| 007 | ta | ||
| 008 | 240619e2022 dr fu|p|r||||||0| ||spa d | ||
| 022 | _a2811-5112 | ||
| 040 |
_cAGN _dAGN _aDO-SdBNP _erda |
||
| 041 | _aspa | ||
| 110 |
_aHospital Militar Docente Ramón de Lara FARD _987421 |
||
| 245 |
_aRevista Médico-Científica : Alas Médicas / _cHospital Militar Docente FARD, Doctor Ramón de Lara. |
||
| 264 |
_aSanto Domingo, República Dominicana : _bHospital Militar Docente Doctor Ramón de Lara, _c2023. |
||
| 300 |
_avolumen : _bilustraciones, cuadros, gráficas ; _c27.5 cm. |
||
| 310 | _asemestral. | ||
| 336 |
_atexto _btxt _2rdacontent |
||
| 337 |
_asin mediación _bn _2rdamedia |
||
| 338 |
_avolumen _bnc _2rdacarrier |
||
| 362 | _aVolumen 1. No. 1, enero-junio 2022. | ||
| 500 | _aLa revista Alas Médicas, es la publicación oficial de investigación en salud con sede en el Hospital Militar Docente Doctor Ramón de Lara. Fundada el 16 de julio del año 2022, por el Doctor José D. Richardson López, coronel Médico Cirujano Plástico FARD. | ||
| 500 | _aÓrgano Oficial de difusión del Hospital Militar Docente Ramón de Lara FARD. | ||
| 650 | 0 |
_aMedicina _912481 _vPublicaciones periódicas _zRepública Dominicana |
|
| 653 | _aRevista Científica | ||
| 655 | 0 |
_aPublicaciones periódicas _987420 |
|
| 856 |
_aAlas Médicas _uhttps://unade.edu.do/wp-content/uploads/2023/04/Revista-Medico-Cientifica-DEFENSA-EN-SALUD-Enero-Abril-Completa.pdf |
||
| 942 |
_2ddc _cISSUE |
||
| 999 |
_c58712 _d58712 |
||